[Event "XVII Torneo Internacional de Ajedrez "]
[Site "Albacete - ESPAÑA"]
[Date "2009.09.03"]
[Round "5.8"]
[White "Sanchez Jerez, Emilio Miguel"]
[Black "Gomez Ledo, Roberto Carlos"]
[Result "0-1"]
[WhiteElo "2240"]
[BlackElo "2423"]
[PlyCount "52"]
[EventDate "2009.09.01"]

1. e4 d6 2. d4 Nf6 3. Nc3 c6 4. Nf3 Bg4 5. h3 Bh5 6. Be2 e6 7. O-O d5 8. e5
Nfd7 9. Be3 Be7 10. Qd2 Na6 11. Rfe1 Nc7 12. a4 a5 13. Kh1 O-O 14. g4 Bg6 15.
h4 Bb4 16. Kh2 f6 17. exf6 Nxf6 18. Ne5 Nxg4+ 19. Bxg4 Qxh4+ 20. Bh3 Bf5 21.
Rh1 Bxh3 22. Kg1 Rf5 23. Rh2 Raf8 24. Kh1 Rh5 25. Rg1 Bxc3 26. bxc3 Qe4+ 0-1

[Event "XVII Torneo Internacional de Ajedrez "]
[Site "Albacete - ESPAÑA"]
[Date "2009.09.03"]
[Round "5.9"]
[White "Picazo Lopez, Juan Antonio"]
[Black "Marholev, Dimitar"]
[Result "0-1"]
[WhiteElo "2244"]
[BlackElo "2413"]
[PlyCount "70"]
[EventDate "2009.09.01"]

1. d4 d6 2. c4 e5 3. Nf3 e4 4. Ng5 f5 5. g3 Be7 6. Nh3 c6 7. Bg2 Nf6 8. O-O O-O
9. Nc3 Na6 10. Rb1 Kh8 11. f3 d5 12. c5 Nc7 13. b4 b6 14. Bf4 Ne6 15. Be5 Nd7
16. f4 bxc5 17. bxc5 Nxe5 18. fxe5 Qa5 19. Na4 Ba6 20. e3 Bxf1 21. Bxf1 Rab8
22. Rc1 Bg5 23. Nf4 Bxf4 24. gxf4 g5 25. fxg5 Nxg5 26. Bg2 Rg8 27. Kh1 Rg6 28.
Nc3 Rbg8 29. Ne2 Ne6 30. Bh3 Rf8 31. Ng3 f4 32. exf4 Nxf4 33. Bf5 Rg5 34. Rb1
Qxa2 35. Qf1 Nh5 0-1

[Event "XVII Torneo Internacional de Ajedrez "]
[Site "Albacete - ESPAÑA"]
[Date "2009.09.03"]
[Round "5.10"]
[White "Campayo Hernandez, Juan"]
[Black "Fernandez Cardoso, Alexey"]
[Result "1/2-1/2"]
[WhiteElo "2171"]
[BlackElo "2413"]
[PlyCount "106"]
[EventDate "2009.09.01"]

1. c4 g6 2. g3 Bg7 3. Bg2 e5 4. Nc3 d6 5. e4 Nf6 6. Nge2 Be6 7. Nd5 c6 8. Ne3
O-O 9. O-O Na6 10. f4 exf4 11. Nxf4 Bc8 12. d3 Qb6 13. h3 Nc5 14. Kh2 a5 15.
Rb1 Qc7 16. b3 Qe7 17. Bb2 Ne8 18. Qd2 Bxb2 19. Rxb2 Ne6 20. Ne2 N6g7 21. Nc3
f5 22. Qe1 Qe5 23. Rbf2 Nh5 24. Ne2 Nef6 25. d4 Qe7 26. Nc3 Nxg3 27. Kxg3 f4+
28. Kh2 fxe3 29. Qxe3 Bd7 30. Ne2 Rae8 31. Ng3 Bc8 32. a3 Nd7 33. b4 axb4 34.
axb4 Rxf2 35. Rxf2 c5 36. bxc5 dxc5 37. e5 cxd4 38. Bd5+ Kh8 39. Qxd4 Qxe5 40.
Qh4 Qe7 41. Qd4+ Qg7 42. Qxg7+ Kxg7 43. Rf7+ Kh6 44. Ne4 Rf8 45. Rxf8 Nxf8 46.
Nd6 Be6 47. Bxb7 Nd7 48. Kg3 Nc5 49. Bd5 Bxd5 50. cxd5 Kg5 51. h4+ Kf6 52. Kf4
Ke7 53. Ne4 Nxe4 1/2-1/2

[Event "XVII Torneo Internacional de Ajedrez "]
[Site "Albacete - ESPAÑA"]
[Date "2009.09.03"]
[Round "5.11"]
[White "Fenollar Jorda, Manuel"]
[Black "Korneev, Oleg"]
[Result "1/2-1/2"]
[WhiteElo "2311"]
[BlackElo "2554"]
[PlyCount "96"]
[EventDate "2009.09.01"]

1. d4 d5 2. Nf3 Nf6 3. e3 a6 4. Bd3 Bg4 5. Nbd2 e6 6. c4 Nbd7 7. O-O c6 8. b3
Bb4 9. Bb2 O-O 10. Qc2 Bh5 11. Ne5 a5 12. f4 a4 13. Bc3 Bxc3 14. Qxc3 Bg6 15.
Nxg6 hxg6 16. c5 b5 17. b4 a3 18. Rab1 Ng4 19. Be2 Nh6 20. Rb3 g5 21. Nf3 g4
22. Ne5 Nxe5 23. fxe5 Qg5 24. Rxa3 Nf5 25. Rf4 g3 26. hxg3 Qxg3 27. Rf3 Rxa3
28. Qxa3 Qe1+ 29. Bf1 Ng3 30. Qa6 Nxf1 31. Rxf1 Qxe3+ 32. Kh1 Qe4 33. Qxc6 Qh4+
34. Kg1 Qxd4+ 35. Kh1 Qxe5 36. Qxb5 d4 37. Qd7 Qe2 38. Kg1 Qe3+ 39. Kh1 g6 40.
Rf3 Qe1+ 41. Kh2 Qxb4 42. c6 Qb5 43. Qd6 Rc8 44. Qe7 Qe5+ 45. Kh1 Qe1+ 46. Kh2
Qe5+ 47. Kh1 Qe1+ 48. Kh2 Qe5+ 1/2-1/2

[Event "XVII Torneo Internacional de Ajedrez "]
[Site "Albacete - ESPAÑA"]
[Date "2009.09.03"]
[Round "5.12"]
[White "Serna Lara, Sergio"]
[Black "Suba, Mihai"]
[Result "0-1"]
[WhiteElo "2244"]
[BlackElo "2501"]
[PlyCount "56"]
[EventDate "2009.09.01"]

1. d4 Nf6 2. c4 e6 3. Nc3 Bb4 4. e3 O-O 5. Bd3 c5 6. a3 Bxc3+ 7. bxc3 Nc6 8.
Ne2 b6 9. e4 Ne8 10. O-O Ba6 11. f4 f5 12. dxc5 fxe4 13. Bxe4 Bxc4 14. Be3 Nf6
15. Bf3 Bd5 16. Qd3 Qe7 17. cxb6 axb6 18. Bxb6 Rxa3 19. Rxa3 Qxa3 20. Bd4 Bxf3
21. Rxf3 Nxd4 22. Qxd4 Qa2 23. Qd3 Rb8 24. h3 Rb2 25. Re3 Rd2 26. Qb5 Qa7 27.
Nd4 Nd5 28. Rxe6 Nxc3 0-1

[Event "XVII Torneo Internacional de Ajedrez "]
[Site "Albacete - ESPAÑA"]
[Date "2009.09.03"]
[Round "5.13"]
[White "Larios Crespo, Manuel"]
[Black "Alvarez Pedraza, Aramis"]
[Result "0-1"]
[WhiteElo "2105"]
[BlackElo "2479"]
[PlyCount "70"]
[EventDate "2009.09.01"]

1. Nf3 Nf6 2. g3 b5 3. Bg2 Bb7 4. O-O e6 5. d3 Be7 6. e4 d6 7. c3 Nfd7 8. Be3
c5 9. Nbd2 O-O 10. a4 a6 11. axb5 axb5 12. Qb3 Qb6 13. Rxa8 Bxa8 14. Ra1 Nc6
15. d4 Rb8 16. d5 exd5 17. Qxd5 Nf6 18. Qf5 Qc7 19. Bg5 Bb7 20. Bxf6 Bxf6 21.
Ng5 Bxg5 22. Qxg5 Re8 23. f4 Qb6 24. Kh1 Na5 25. Re1 Nc4 26. Nxc4 bxc4 27. f5
d5 28. e5 d4 29. f6 Qxf6 30. Qd2 Qb6 31. h4 h6 32. Kh2 Bxg2 33. Kxg2 Qb7+ 34.
Kh2 Qd5 35. Qf4 d3 0-1

[Event "XVII Torneo Internacional de Ajedrez "]
[Site "Albacete - ESPAÑA"]
[Date "2009.09.03"]
[Round "5.14"]
[White "Spassov, Liuben"]
[Black "Villasenor Rubio, Emilio Jose"]
[Result "1-0"]
[WhiteElo "2434"]
[BlackElo "1963"]
[PlyCount "89"]
[EventDate "2009.09.01"]

1. d4 Nf6 2. c4 g6 3. Nc3 Bg7 4. e4 d6 5. f3 O-O 6. Nge2 c5 7. d5 e6 8. Bg5
exd5 9. cxd5 a6 10. a4 Nbd7 11. Qd2 Ne5 12. Ng3 Qa5 13. Ra3 Qb4 14. a5 Bd7 15.
Be2 Nc4 16. Bxc4 Qxc4 17. Nge2 Rab8 18. O-O b5 19. b3 Qb4 20. Qc1 c4 21. Na2
Qc5+ 22. Be3 Qc7 23. bxc4 Qxc4 24. Qxc4 bxc4 25. Bb6 Bb5 26. Nac3 Rfc8 27. Rb1
Nd7 28. Bd4 Nc5 29. Bxg7 Kxg7 30. Kf2 Bd7 31. Rxb8 Rxb8 32. Ke3 Rb3 33. Ra2 Rb4
34. Nd4 Na4 35. Nxa4 Bxa4 36. Kd2 Bb3 37. Kc3 Rb7 38. Rb2 Kf6 39. f4 Re7 40.
Re2 Rb7 41. e5+ Ke7 42. Nc6+ Kd7 43. e6+ Ke8 44. exf7+ Kxf7 45. Nd8+ 1-0

[Event "XVII Torneo Internacional de Ajedrez "]
[Site "Albacete - ESPAÑA"]
[Date "2009.09.03"]
[Round "5.15"]
[White "Khamrakulov, Ibragim S"]
[Black "Bernabe Monteagudo, Francesc *"]
[Result "1-0"]
[WhiteElo "2554"]
[BlackElo "1973"]
[PlyCount "37"]
[EventDate "2009.09.01"]

1. e4 e5 2. Nf3 Nc6 3. Bc4 Be7 4. O-O Nf6 5. d4 exd4 6. Re1 d6 7. Nxd4 Ne5 8.
Bf1 a6 9. f4 Ng6 10. c4 c5 11. Nb3 Ng4 12. Qc2 Qc7 13. Nc3 O-O 14. f5 N6e5 15.
Bf4 Nh6 16. Bxe5 dxe5 17. Nd5 Qd8 18. Nxe7+ Qxe7 19. h3 1-0

[Event "XVII Torneo Internacional de Ajedrez "]
[Site "Albacete - ESPAÑA"]
[Date "2009.09.03"]
[Round "5.16"]
[White "Fernandez Barrera, Victor"]
[Black "Buendia Pinar, Alvaro"]
[Result "1-0"]
[WhiteElo "2302"]
[BlackElo "1893"]
[PlyCount "81"]
[EventDate "2009.09.01"]

1. e4 c5 2. Nf3 d6 3. d4 cxd4 4. Nxd4 Nf6 5. Nc3 Nc6 6. Bg5 e6 7. Qd2 Be7 8.
O-O-O a6 9. f4 Qc7 10. Nf3 b5 11. Bxf6 gxf6 12. Kb1 Bb7 13. f5 O-O-O 14. Qe1
Kb8 15. Be2 Rc8 16. Bd3 Na5 17. Nd4 Qb6 18. Nce2 e5 19. Nb3 Nc4 20. Rg1 Ne3 21.
Qf2 Nd5 22. Qf3 Nb4 23. Nc3 Qc7 24. a3 Nxd3 25. Rxd3 a5 26. Qf2 Qd7 27. Nxa5
Qc7 28. Nxb7 Qxb7 29. Nxb5 Rc6 30. Rb3 Rb6 31. Nxd6 Rxb3 32. Nxb7 Rxb7 33. Qf3
Rc8 34. Rd1 Rc6 35. Rd3 Ka8 36. Qh5 Bc5 37. Qxh7 Bd4 38. Rb3 Rbc7 39. Qg8+ Ka7
40. Qb8+ Ka6 41. c3 1-0

[Event "XVII Torneo Internacional de Ajedrez "]
[Site "Albacete - ESPAÑA"]
[Date "2009.09.03"]
[Round "5.17"]
[White "Ontanon Gomez, Pablo"]
[Black "Jimenez Martinez, Jose Vicente"]
[Result "0-1"]
[WhiteElo "1916"]
[BlackElo "2241"]
[PlyCount "96"]
[EventDate "2009.09.01"]

1. e4 d6 2. d4 g6 3. Nc3 Bg7 4. Nf3 Nf6 5. Be2 O-O 6. O-O Bg4 7. Re1 Nc6 8. Be3
Qc8 9. h3 Bxf3 10. Bxf3 e5 11. d5 Ne7 12. Bg5 h6 13. Bxf6 Bxf6 14. Ne2 Bg7 15.
g4 Qd7 16. Bg2 f5 17. Ng3 f4 18. Nf1 Bf6 19. Nd2 Kg7 20. Nf3 Rh8 21. c4 g5 22.
Nd2 Ng6 23. a4 a5 24. b3 Nh4 25. f3 h5 26. Rc1 Be7 27. Qc2 Kf6 28. Qd3 Qc8 29.
Qe2 Rh7 30. Kf2 Qb8 31. Rh1 Qa7+ 32. Kf1 Qd4 33. Qf2 Qb2 34. Ke2 Rah8 35. Kd3
Qa3 36. Ra1 Qb4 37. Rab1 Bd8 38. c5 dxc5 39. Nc4 c6 40. Qb2 Bc7 41. Rbc1 b5 42.
d6 Bxd6 43. Nxd6 Rd8 44. Ke2 Rxd6 45. Rhd1 Rhd7 46. Rxd6+ Rxd6 47. Bf1 hxg4 48.
hxg4 bxa4 0-1

[Event "XVII Torneo Internacional de Ajedrez "]
[Site "Albacete - ESPAÑA"]
[Date "2009.09.03"]
[Round "5.18"]
[White "Escalante Ortega, Fernando *"]
[Black "Llavador Moron, Juan Jose"]
[Result "0-1"]
[WhiteElo "1867"]
[BlackElo "2171"]
[PlyCount "124"]
[EventDate "2009.09.01"]

1. e4 c5 2. Nf3 d6 3. d4 cxd4 4. Nxd4 Nf6 5. Nc3 a6 6. Bg5 e6 7. f4 Nbd7 8. Qf3
Qc7 9. O-O-O b5 10. g4 b4 11. Nce2 Bb7 12. Bxf6 gxf6 13. Ng3 O-O-O 14. Bd3 Kb8
15. Qe2 Qb6 16. Bc4 Rc8 17. h4 Rc7 18. Rh2 Be7 19. Kb1 Rhc8 20. Bb3 a5 21. Qb5
Ba6 22. Qxb6+ Nxb6 23. Bxe6 fxe6 24. Nxe6 Rd7 25. Rhd2 Bb7 26. Rd4 Rc4 27. Nf5
Rxd4 28. Rxd4 d5 29. e5 fxe5 30. fxe5 Bc8 31. g5 Bd8 32. Nd6 Rxd6 33. exd6 Bxe6
34. Rf4 Kc8 35. b3 Kd7 36. Rf8 Nc8 37. Kb2 Nxd6 38. a3 Nf5 39. axb4 axb4 40.
Rh8 h6 41. Rh7+ Kc6 42. gxh6 Bxh4 43. Kb1 Bg5 44. Ra7 Bxh6 45. Ra6+ Kd7 46.
Ra7+ Kd6 47. Ra6+ Ke5 48. Rb6 Bd2 49. Ka2 Nd4 50. Kb2 Bf5 51. Rb8 Bxc2 52. Rh8
Bc3+ 53. Kc1 Bxb3 54. Rh3 Ne2+ 55. Kb1 Nf4 56. Rh2 d4 57. Re2+ Kd5 58. Rf2 Ke4
59. Re2+ Kf3 60. Re8 d3 61. Re7 Bc2+ 62. Ka2 b3+ 0-1

[Event "XVII Torneo Internacional de Ajedrez "]
[Site "Albacete - ESPAÑA"]
[Date "2009.09.03"]
[Round "5.19"]
[White "Garcia Gata, Jorge D"]
[Black "Atienza, Hilario"]
[Result "1-0"]
[WhiteElo "2157"]
[BlackElo "1857"]
[PlyCount "61"]
[EventDate "2009.09.01"]

1. d4 d5 2. Nf3 Nf6 3. c4 c6 4. Nc3 e6 5. e3 Nbd7 6. Qc2 Be7 7. Bd3 dxc4 8.
Bxc4 b5 9. Bd3 a6 10. O-O c5 11. b3 Bb7 12. Qe2 Rc8 13. Bb2 O-O 14. Rac1 Qb6
15. Rfd1 Rfd8 16. Ne5 Nxe5 17. dxe5 Nd5 18. Ne4 Nb4 19. Nf6+ Bxf6 20. exf6 Nxd3
21. Rxd3 Rxd3 22. Qxd3 Rd8 23. Qe2 Qd6 24. fxg7 Qd2 25. Qxd2 Rxd2 26. Bf6 Rd5
27. e4 Rd2 28. f3 c4 29. bxc4 b4 30. Rb1 a5 31. a3 1-0

[Event "XVII Torneo Internacional de Ajedrez "]
[Site "Albacete - ESPAÑA"]
[Date "2009.09.03"]
[Round "5.20"]
[White "Garcia Lopez, Luis Manuel"]
[Black "Alcoz Coll, Luis"]
[Result "1-0"]
[WhiteElo "2105"]
[BlackElo "1677"]
[PlyCount "47"]
[EventDate "2009.09.01"]

1. e4 c5 2. Nf3 Nc6 3. d4 cxd4 4. Nxd4 g6 5. Nc3 Bg7 6. Be3 Nf6 7. Bc4 O-O 8.
Bb3 d6 9. f3 Bd7 10. Qd2 Qa5 11. O-O-O Rfc8 12. Kb1 Ne5 13. h4 Nc4 14. Bxc4
Rxc4 15. Nb3 Qc7 16. Bd4 a5 17. Bxf6 Bxf6 18. Nd5 Qd8 19. Nxf6+ exf6 20. Qxd6
Rc7 21. Nc5 Qc8 22. Nxd7 Ra6 23. Nxf6+ Kg7 24. Qxc7 1-0

[Event "XVII Torneo Internacional de Ajedrez "]
[Site "Albacete - ESPAÑA"]
[Date "2009.09.04"]
[Round "6.1"]
[White "Guerra Mendez, Jose Angel"]
[Black "Hernandez Carmenates, Holden"]
[Result "1/2-1/2"]
[WhiteElo "2438"]
[BlackElo "2561"]
[PlyCount "103"]
[EventDate "2009.09.01"]

1. e4 c5 2. Nf3 e6 3. d4 cxd4 4. Nxd4 a6 5. Bd3 Bc5 6. Nb3 Be7 7. Be3 d6 8.
N1d2 Nf6 9. f4 O-O 10. Qe2 Nc6 11. c3 b5 12. O-O Bb7 13. a4 b4 14. a5 Nd7 15.
Nc4 bxc3 16. bxc3 Nc5 17. Nxc5 dxc5 18. e5 g6 19. Rfd1 Qc7 20. Nd6 Nxa5 21.
Nxb7 Nxb7 22. Bxa6 Rfb8 23. Qb5 Na5 24. Qd7 Qxd7 25. Rxd7 Rxa6 26. Rxe7 Rc8 27.
Rd7 h5 28. Kf2 Raa8 29. Ra3 c4 30. Kf3 Nb3 31. Rxa8 Rxa8 32. Rc7 Ra4 33. h3 Kg7
34. g4 hxg4+ 35. hxg4 Kg8 36. Ke4 Kf8 37. f5 gxf5+ 38. gxf5 exf5+ 39. Kxf5 Ke8
40. Bg5 Ra1 41. Bf6 Rf1+ 42. Ke4 Rc1 43. Rc8+ Kd7 44. Rf8 Kc6 45. Rxf7 Rxc3 46.
e6 Nd2+ 47. Kf4 Rf3+ 48. Kg4 Re3 49. e7 Kd7 50. Rf8 Rxe7 51. Bxe7 Kxe7 52. Rc8
1/2-1/2

[Event "XVII Torneo Internacional de Ajedrez "]
[Site "Albacete - ESPAÑA"]
[Date "2009.09.04"]
[Round "6.2"]
[White "Gomez Ledo, Roberto Carlos"]
[Black "Ortiz Suarez, Isan Reynaldo"]
[Result "1/2-1/2"]
[WhiteElo "2423"]
[BlackElo "2517"]
[PlyCount "21"]
[EventDate "2009.09.01"]

1. e4 e5 2. Nf3 Nc6 3. Nc3 Nf6 4. Bb5 Bd6 5. d4 O-O 6. O-O h6 7. Re1 Re8 8. h3
Bf8 9. Nd5 a6 10. Ba4 d6 11. Nxf6+ 1/2-1/2

[Event "XVII Torneo Internacional de Ajedrez "]
[Site "Albacete - ESPAÑA"]
[Date "2009.09.04"]
[Round "6.3"]
[White "Pogorelov, Ruslan"]
[Black "Marholev, Dimitar"]
[Result "1/2-1/2"]
[WhiteElo "2477"]
[BlackElo "2413"]
[PlyCount "95"]
[EventDate "2009.09.01"]

1. Nf3 Nf6 2. c4 c5 3. Nc3 Nc6 4. d4 cxd4 5. Nxd4 e6 6. a3 Bc5 7. Nb3 Be7 8. e4
O-O 9. Be2 b6 10. Be3 d6 11. O-O Bb7 12. f4 a6 13. Bf3 Rc8 14. Qe2 Qc7 15. Rac1
Nb8 16. Nd2 Nbd7 17. b4 Qb8 18. g4 g6 19. g5 Ne8 20. Bg4 Ng7 21. f5 Bd8 22. f6
Ne8 23. Nd5 exd5 24. Bxd7 dxe4 25. Bxc8 Qxc8 26. Qg2 Qe6 27. Nb3 Bc7 28. Nd4
Qd7 29. b5 a5 30. Rfd1 h6 31. h4 h5 32. Ne2 d5 33. Nc3 Nd6 34. Nxd5 Bxd5 35.
Rxd5 Qe6 36. Bf4 Nxc4 37. Rxc4 Bxf4 38. Qxe4 Qg4+ 39. Kf1 Qh3+ 40. Qg2 Qxa3 41.
Rcd4 Re8 42. Rd8 Qc1+ 43. Rd1 Qc4+ 44. Kg1 Be3+ 45. Kh1 Qxh4+ 46. Qh2 Qe4+ 47.
Qg2 Qh4+ 48. Qh2 1/2-1/2

[Event "XVII Torneo Internacional de Ajedrez "]
[Site "Albacete - ESPAÑA"]
[Date "2009.09.04"]
[Round "6.4"]
[White "Rivas Pastor, Manuel"]
[Black "Gomez Garrido, Camilo"]
[Result "1/2-1/2"]
[WhiteElo "2529"]
[BlackElo "2473"]
[PlyCount "76"]
[EventDate "2009.09.01"]

1. c4 e5 2. Nc3 Nc6 3. g3 Nf6 4. Bg2 Bb4 5. Nd5 Bc5 6. e3 O-O 7. Ne2 Nxd5 8.
cxd5 Nb4 9. d4 exd4 10. exd4 Bd6 11. a3 Na6 12. O-O c6 13. Bf4 Qf6 14. Bxd6
Qxd6 15. Nc3 Nc7 16. Qf3 Nxd5 17. Nxd5 cxd5 18. Qxd5 Qb6 19. Qc5 Qf6 20. Rac1
d6 21. Qb4 Rb8 22. Rc7 h5 23. h4 Re8 24. Qb5 Bg4 25. Bd5 Re7 26. Rxe7 Qxe7 27.
Rc1 Rc8 28. Rxc8+ Bxc8 29. Qd3 b6 30. Qg6 Bg4 31. Kg2 a5 32. b4 axb4 33. axb4
Qd7 34. Qg5 Qe8 35. Qc1 Qd7 36. Qg5 Qe8 37. Qg6 Qd7 38. Qg5 Qe8 1/2-1/2

[Event "XVII Torneo Internacional de Ajedrez "]
[Site "Albacete - ESPAÑA"]
[Date "2009.09.04"]
[Round "6.5"]
[White "Cano Sanchez, Josue"]
[Black "Mirzoev, Azer"]
[Result "0-1"]
[WhiteElo "2308"]
[BlackElo "2584"]
[PlyCount "106"]
[EventDate "2009.09.01"]

1. d4 Nf6 2. Nf3 c5 3. c3 Qb6 4. e3 g6 5. Nbd2 Bg7 6. Bd3 O-O 7. O-O d5 8. dxc5
Qxc5 9. e4 Nc6 10. Re1 Rd8 11. Qe2 Qb6 12. h3 Nh5 13. Nf1 d4 14. c4 e5 15. Rd1
Nf6 16. Bg5 Re8 17. Bxf6 Bxf6 18. Qd2 Be7 19. N1h2 f6 20. Ne1 Be6 21. Rdc1 Rec8
22. Nhf3 a5 23. Be2 a4 24. c5 Bxc5 25. Bc4 Na5 26. Bxe6+ Qxe6 27. Nd3 Bf8 28.
Rxc8 Qxc8 29. Qd1 Qc6 30. Nd2 Qb5 31. Qc2 Ra6 32. Rc1 Rc6 33. Qb1 Rxc1+ 34.
Nxc1 Bh6 35. Qc2 Qc6 36. Qd1 Bxd2 37. Qxd2 Nc4 38. Qc2 Nd6 39. Qxc6 bxc6 40. f3
Kf7 41. Nd3 Nb7 42. Kf2 Ke6 43. Ke2 Kd6 44. g3 Nc5 45. Nc1 f5 46. exf5 gxf5 47.
g4 Ke6 48. b4 axb3 49. axb3 e4 50. gxf5+ Kxf5 51. fxe4+ Kxe4 52. b4 Ne6 53. Kd2
Ng5 0-1

[Event "XVII Torneo Internacional de Ajedrez "]
[Site "Albacete - ESPAÑA"]
[Date "2009.09.04"]
[Round "6.6"]
[White "Suba, Mihai"]
[Black "Spassov, Liuben"]
[Result "1-0"]
[WhiteElo "2501"]
[BlackElo "2434"]
[PlyCount "93"]
[EventDate "2009.09.01"]

1. c4 e6 2. Nf3 d5 3. b3 a5 4. e3 Nf6 5. Bb2 a4 6. bxa4 Nbd7 7. Nc3 c6 8. Be2
Bd6 9. cxd5 exd5 10. O-O O-O 11. Qc2 Re8 12. d4 Qe7 13. Rab1 Nf8 14. Ba1 Ng6
15. Rb3 h5 16. Rfb1 h4 17. h3 Bb8 18. Nd2 Qd6 19. Nf1 Ne4 20. Nxe4 dxe4 21. Rc1
Ra5 22. f4 exf3 23. Bxf3 Rg5 24. Kh1 Kh8 25. d5 Rxd5 26. Bxd5 Qxd5 27. Rd1 Qg5
28. Qf2 Qe7 29. a5 Be6 30. Qb2 Be5 31. Rxb7 Bxb2 32. Rxe7 Rxe7 33. Bxb2 Ra7 34.
Bc3 Bxa2 35. Rd8+ Kh7 36. Nd2 Bd5 37. e4 Be6 38. Nf3 f6 39. Nd4 Bd7 40. Nb3 Be6
41. Nc5 Bc4 42. Rd7 Rxd7 43. Nxd7 Ne7 44. Nc5 Nc8 45. a6 Kg8 46. Kg1 Kf7 47.
Kf2 {...} 1-0

[Event "XVII Torneo Internacional de Ajedrez "]
[Site "Albacete - ESPAÑA"]
[Date "2009.09.04"]
[Round "6.7"]
[White "Alvarez Pedraza, Aramis"]
[Black "Kovacevic, Slobodan"]
[Result "1-0"]
[WhiteElo "2479"]
[BlackElo "2380"]
[PlyCount "93"]
[EventDate "2009.09.01"]

1. d4 Nf6 2. c4 e6 3. Nc3 c5 4. d5 exd5 5. cxd5 d6 6. e4 g6 7. f4 Bg7 8. Bb5+
Nfd7 9. a4 O-O 10. Nf3 Na6 11. O-O Nc7 12. Bd3 Re8 13. Re1 a6 14. Be3 Rb8 15.
Bf2 b5 16. e5 dxe5 17. Bh4 Bf6 18. d6 Ne6 19. Bxf6 Nxf6 20. fxe5 b4 21. Ne2 Nd7
22. Ng3 Bb7 23. Bc4 Nb6 24. Bxe6 Rxe6 25. Ne4 Bxe4 26. Rxe4 a5 27. Qc1 Nd7 28.
Qc4 h6 29. Rae1 Kg7 30. b3 Rc8 31. h3 Qb6 32. Kh1 Rce8 33. Qc1 Qd8 34. Qe3 Rh8
35. Rf4 Rf8 36. Re4 Rfe8 37. h4 Qa8 38. Qe2 Qd5 39. Qb5 Nxe5 40. Nxe5 Rxe5 41.
d7 R8e7 42. Rxe5 Rxe5 43. Rxe5 Qxe5 44. d8=Q Qe1+ 45. Kh2 Qe5+ 46. g3 Qb2+ 47.
Kh3 1-0

[Event "XVII Torneo Internacional de Ajedrez "]
[Site "Albacete - ESPAÑA"]
[Date "2009.09.04"]
[Round "6.8"]
[White "Pozo Vera, Sandro"]
[Black "Hoffman, Alejandro"]
[Result "1/2-1/2"]
[WhiteElo "2464"]
[BlackElo "2408"]
[PlyCount "52"]
[EventDate "2009.09.01"]

1. d4 Nf6 2. Nf3 g6 3. c4 c5 4. e3 Bg7 5. Nc3 O-O 6. Be2 cxd4 7. exd4 d5 8.
cxd5 Nxd5 9. O-O Nc6 10. h3 Be6 11. Be3 Qa5 12. Qd2 Nxe3 13. fxe3 Bh6 14. a3
Rad8 15. Bb5 Qc7 16. Qf2 Na5 17. Rfe1 a6 18. Bd3 f6 19. Rac1 Qb8 20. Ne4 Bf7
21. b4 Nc6 22. Qh4 Bg7 23. Nc5 Rd6 24. Ne4 Rdd8 25. Nc5 Rd6 26. Ne4 Rdd8
1/2-1/2

[Event "XVII Torneo Internacional de Ajedrez "]
[Site "Albacete - ESPAÑA"]
[Date "2009.09.04"]
[Round "6.9"]
[White "Fernandez Cardoso, Alexey"]
[Black "Fernandez Romero, Ernesto"]
[Result "0-1"]
[WhiteElo "2413"]
[BlackElo "2457"]
[PlyCount "84"]
[EventDate "2009.09.01"]

1. e4 e6 2. Nf3 d5 3. e5 c5 4. c3 Nc6 5. d4 Qb6 6. a3 Nh6 7. b4 cxd4 8. cxd4
Nf5 9. Bb2 Bd7 10. g4 Nh6 11. h3 f6 12. exf6 gxf6 13. Bd3 Nf7 14. O-O h5 15. g5
Nxg5 16. Nxg5 fxg5 17. Bg6+ Kd8 18. Bxh5 a5 19. Bg4 axb4 20. axb4 Rxa1 21. Bxa1
Bxb4 22. Nd2 Bd6 23. Ne4 Be7 24. Nc5 Rh6 25. Nxd7 Kxd7 26. Qf3 Qa5 27. Bc3 Qa2
28. Ra1 Qb3 29. Re1 b5 30. Qe3 b4 31. Bxe6+ Kc7 32. Rc1 Rxe6 33. Qxe6 bxc3 34.
Qe3 Bb4 35. Qxg5 Qc4 36. Qg3+ Kb6 37. h4 Qxd4 38. h5 Qf6 39. Qg6 Qxg6+ 40. hxg6
d4 41. g7 Ne7 42. f4 d3 0-1

[Event "XVII Torneo Internacional de Ajedrez "]
[Site "Albacete - ESPAÑA"]
[Date "2009.09.04"]
[Round "6.10"]
[White "Korneev, Oleg"]
[Black "Fernandez Barrera, Victor"]
[Result "1-0"]
[WhiteElo "2554"]
[BlackElo "2302"]
[PlyCount "55"]
[EventDate "2009.09.01"]

1. e4 e6 2. d4 d5 3. Nd2 Be7 4. e5 c5 5. Qg4 Kf8 6. dxc5 Nc6 7. Qg3 Bxc5 8.
Ngf3 Nge7 9. Bd3 Nb4 10. Nb3 Nxd3+ 11. cxd3 Nf5 12. Qf4 Bb6 13. O-O h6 14. Be3
g5 15. Qb4+ Qe7 16. Qd2 Nxe3 17. fxe3 g4 18. Ne1 Qg5 19. d4 Bd7 20. Nd3 Kg7 21.
Rf4 Rhf8 22. Nbc5 Bc8 23. Raf1 Bd8 24. Qf2 Qg6 25. Qg3 h5 26. Rf6 Bxf6 27. Rxf6
Qg5 28. h4 1-0

[Event "XVII Torneo Internacional de Ajedrez "]
[Site "Albacete - ESPAÑA"]
[Date "2009.09.04"]
[Round "6.11"]
[White "Picazo Lopez, Juan Antonio"]
[Black "Khamrakulov, Ibragim S"]
[Result "1/2-1/2"]
[WhiteElo "2244"]
[BlackElo "2554"]
[PlyCount "58"]
[EventDate "2009.09.01"]

1. d4 Nf6 2. c4 e6 3. Nc3 Bb4 4. e3 c5 5. Bd3 cxd4 6. exd4 d5 7. cxd5 Nxd5 8.
Nge2 O-O 9. O-O Nc6 10. Nxd5 Qxd5 11. Be3 Rd8 12. a3 Bf8 13. Qc2 g6 14. Be4 Qb5
15. Nc3 Qh5 16. Bf3 Qh4 17. Bxc6 bxc6 18. Ne4 h6 19. f4 Rb8 20. b4 Bg7 21. Rfd1
Qh5 22. Nc5 Rb6 23. Rac1 Ba6 24. Rd2 Qd5 25. Qa4 Bb5 26. Qc2 Ba6 27. Qa4 Bb5
28. Qc2 Ba6 29. Qa4 Bb5 1/2-1/2

[Event "XVII Torneo Internacional de Ajedrez "]
[Site "Albacete - ESPAÑA"]
[Date "2009.09.04"]
[Round "6.12"]
[White "Dolezal, Cristian"]
[Black "Picazo Lopez, Ignacio"]
[Result "1-0"]
[WhiteElo "2403"]
[BlackElo "1993"]
[PlyCount "63"]
[EventDate "2009.09.01"]

1. g3 d5 2. Bg2 Nf6 3. f4 c5 4. c4 e6 5. d3 Nc6 6. Nc3 Be7 7. Bd2 d4 8. Bxc6+
bxc6 9. Ne4 e5 10. Nxf6+ Bxf6 11. Qa4 Qb6 12. fxe5 Bxe5 13. Nf3 Bf6 14. O-O-O
O-O 15. Rhf1 Re8 16. Rf2 Bg4 17. Ng1 Re7 18. h3 Rb8 19. Qa3 Bc8 20. Bf4 Be5 21.
Bxe5 Rxe5 22. Rdf1 Re7 23. g4 h6 24. Nf3 Re3 25. Nd2 Rb7 26. Ne4 Be6 27. Nxc5
Re7 28. Nb3 Qd8 29. Qc5 Rd7 30. Rf4 Rxh3 31. Nxd4 Rh2 32. Nxe6 1-0

[Event "XVII Torneo Internacional de Ajedrez "]
[Site "Albacete - ESPAÑA"]
[Date "2009.09.04"]
[Round "6.13"]
[White "Espinosa Aranda, Angel"]
[Black "Garcia Lopez, Luis Manuel"]
[Result "1-0"]
[WhiteElo "2356"]
[BlackElo "2105"]
[PlyCount "73"]
[EventDate "2009.09.01"]

1. e4 c5 2. Nf3 d6 3. d4 cxd4 4. Nxd4 Nf6 5. Nc3 g6 6. Be3 Bg7 7. f3 O-O 8. Qd2
Nc6 9. O-O-O d5 10. Kb1 Nxd4 11. e5 Nf5 12. exf6 Bxf6 13. Nxd5 Qxd5 14. Qxd5
Nxe3 15. Qd2 Nxd1 16. Qxd1 Be6 17. Bb5 a6 18. Ba4 b5 19. Bb3 Bxb3 20. axb3 a5
21. Qd3 a4 22. Ka2 Rfd8 23. Qe2 Rd4 24. Rd1 axb3+ 25. Kxb3 Rda4 26. Qxb5 Rh4
27. h3 Rh5 28. Qb7 Raa5 29. c4 Rhe5 30. Rd2 Rac5 31. Kb4 Bg5 32. Rd4 Be3 33.
Re4 Bd2+ 34. Kb3 f6 35. f4 Rxe4 36. Qxe4 e5 37. Qa8+ 1-0